The ordinances of Manu. (Record no. 22663)
[ view plain ]
| 000 -LEADER | |
|---|---|
| fixed length control field | 00508cam a2200193 4500 |
| 020 ## - INTERNATIONAL STANDARD BOOK NUMBER | |
| ISBN | 0842602941 |
| 082 00 - DEWEY DECIMAL CLASSIFICATION NUMBER | |
| Classification number | 294.5 |
| Author Cutter | BUR |
| 100 0# - MAIN ENTRY--AUTHOR NAME | |
| Author name | Manu |
| 245 14 - TITLE STATEMENT | |
| Title | The ordinances of Manu. |
| 250 ## - EDITION STATEMENT | |
| Edition statement | [2d ed.] |
| 260 ## - PUBLICATION, DISTRIBUTION, ETC. (IMPRINT) | |
| Place of publication | New Delhi, |
| Name of publisher | Oriental Books Reprint Corp. |
| Year of publication | [1971] |
| 300 ## - PHYSICAL DESCRIPTION | |
| Number of Pages | xlvii, 399 p. |
| 500 ## - GENERAL NOTE | |
| General note | On mounted label: Distributed by Lawrence Verry, Mystic, Conn. |
| 650 #0 - SUBJECT ADDED ENTRY--TOPICAL TERM | |
| Topical Term | Hindu Law. |
| 942 ## - ADDED ENTRY ELEMENTS (KOHA) | |
| Koha item type | Books |
| 700 1# - | |
| -- | Burnell, A. C. |
| 700 1# - | |
| -- | Hopkins, Edward Washburn, |
No items available.
